| 000 | 00688nam a2200241 i 4500 | ||
|---|---|---|---|
| 001 | 39667 | ||
| 003 | ES-MaACL | ||
| 005 | 20230906160045.0 | ||
| 007 | t| | ||
| 008 | 030303s1986 fr ||||1| fre d | ||
| 020 | _a2-86374-223-X | ||
| 100 | 1 |
_aCanavagio, Jean. _934427 |
|
| 245 | 1 | 0 |
_aCervantès / _cJean Canavaggio. |
| 260 |
_aParis : _bMazarine, _c[1986] |
||
| 300 |
_a381 p. ; _c24 cm. |
||
| 490 | 1 | _aBiographie mazarine | |
| 500 | _aIndice. | ||
| 504 | _aBibliografía. | ||
| 600 | 1 | 4 |
_aCervantes Saavedra, Miguel de, _d1547-1616- _xBiografías _937596 |
| 830 | 0 |
_aBiographie mazarine _9226521 |
|
| 852 |
_aES-MaACL _jL-10179 _bR.112087 |
||
| 999 |
_c39667 _d39667 |
||